000 00447 a2200157 4500
005 20250515130240.0
020 _a1-256-34365-X
082 _aLECT 339 PAR
100 _aPARKIN, M.
245 _aMacroeconomics
250 _a4th Ed.
260 _aBoston,
_bPearson,
_c2012.
300 _axxix, 423p.: ill.; figure, graph, picture, table.
_c27cm.
856 _yAccess Online Book
_fMacroeconomics
_dwww.pearsonlearningsolutions.com
942 _2ddc
_cBKS
999 _c2286
_d2286